000 00792nam a2200253Ia 4500
001 21797
005 20260407162347.0
008 260320s9999||||xx |||||||||||||| ||und||
020 _a9786125205131
041 _aESP
082 _a398.8
_bG23
100 _aGarcía-Miró, María Josefa,
_eCOM
245 0 _aCanciones viajeras
250 _aSegunda edición
260 _aLima :
_bBiblioteca Nacional del Perú,
_c2025
300 _a47 páginas :
_bilustraciones ;
_c18 cm.
440 _a(Colección Perú)
505 _aAlgunas canciones presentan traducción a lenguas nativas peruanas
650 _aCIS
653 _aCanciones infantiles
654 _aCHU
856 _uhttps://www-jstor-org.ucsp.lookproxy.com/
_zVéase además: Base de datos JSTOR
942 _cLIB
_dJUS
_fMAT
_2ddc
999 _c21797
_d21797